000 00699nam a2200265Ia 4500
005 20260302114412.0
008 008 260114s9999 xx 000 0 eng d
020 _a9781474229043
037 _aTextbook
040 _aCRL
040 _beng
040 _cCRL
041 _2eng
041 _aeng
084 _qCRL
100 _aDale Jacquette
_91103699
245 4 _aThe Bloomsbury Companion to the Philosophy of Consciousness
260 _bBloomsbury
260 _bBloomsbury Academic
260 _c2018
650 _aPhilosophy
856 _uhttps://dx.doi.org/10.5040/9781474229043?locatt=label:secondary_bloomsburyCollections
942 _cEBOOK
999 _c1682420
_d1682420